[Event "DEM U10 2019"]
[Site "Willingen GER"]
[Date "2019.06.14"]
[Round "10"]
[White "Malinowsky, Levi"]
[Black "Ruddat, Jarne"]
[Result "1/2-1/2"]
[Termination "normal"]
[Board "10"]
[WhiteElo "1400"]
[BlackElo "1350"]
[PlyCount "49"]
[WhiteFideId "16253094"]
[BlackFideId "16254236"]
[EventCountry "GER"]
[EventRounds "11"]
[EventType "swiss"]
[EventDate "2019.06.08"]

1. e4 c5 2. Nf3 g6 3. d4 cxd4 4. Nxd4 Nc6 5. Nc3 Bg7 6. Be3 Nf6 7. Bc4 O-O 8.
Bb3 Re8 9. O-O d6 10. h3 Bd7 11. f4 a6 12. Qf3 Nxd4 13. Bxd4 Bc6 14. Rad1 Qc7
15. Qe3 b5 16. a3 Qb7 17. Nd5 Nxd5 18. Bxd5 Bxd5 19. exd5 Bxd4 20. Qxd4 Qa7 21.
Qxa7 Rxa7 22. Rc1 Rc7 23. c3 Rec8 24. Rc2 a5 25. Rf3 1/2-1/2

[Event "DEM U10 2019"]
[Site "Willingen GER"]
[Date "2019.06.14"]
[Round "10"]
[White "Freude, Paul"]
[Black "Dordevic, Tom"]
[Result "1/2-1/2"]
[Termination "normal"]
[Board "11"]
[WhiteElo "1713"]
[BlackElo "1158"]
[PlyCount "79"]
[WhiteFideId "16280717"]
[BlackFideId "16260503"]
[EventCountry "GER"]
[EventRounds "11"]
[EventType "swiss"]
[EventDate "2019.06.08"]

1. e4 e5 2. Nf3 Nc6 3. d4 exd4 4. Bc4 Nf6 5. O-O Bc5 6. e5 d5 7. exf6 dxc4 8.
fxg7 Rg8 9. Re1+ Be7 10. Qd2 Rxg7 11. Qh6 Rg6 12. Qxh7 Be6 13. Qh8+ Kd7 14.
Qxd8+ Rxd8 15. Bf4 Bd5 16. Nbd2 Rdg8 17. g3 Bf6 18. Ne5+ Nxe5 19. Bxe5 Bxe5 20.
Rxe5 Kd6 21. Rae1 Re6 22. Rxe6+ Bxe6 23. Ne4+ Kc6 24. Rd1 Rd8 25. h4 Bf5 26. f3
Kd5 27. Re1 Bxe4 28. Rxe4 d3 29. c3 c5 30. Re1 Rd6 31. Kf2 b5 32. Ke3 Kc6 33.
Kd2 b4 34. cxb4 cxb4 35. Re4 Kc5 36. Re5+ Rd5 37. Rxd5+ Kxd5 38. h5 Ke6 39. g4
Kf6 40. h6 1/2-1/2

[Event "DEM U10 2019"]
[Site "Willingen GER"]
[Date "2019.06.14"]
[Round "10"]
[White "Zobel, Christian"]
[Black "Burkart, Lloyd Shang"]
[Result "1-0"]
[Termination "normal"]
[Board "12"]
[WhiteElo "1404"]
[BlackElo "1411"]
[PlyCount "97"]
[WhiteFideId "16259068"]
[BlackFideId "16239059"]
[EventCountry "GER"]
[EventRounds "11"]
[EventType "swiss"]
[EventDate "2019.06.08"]

1. e4 c5 2. Nf3 e6 3. g3 Nc6 4. Bg2 Nf6 5. Nc3 Be7 6. O-O d5 7. exd5 exd5 8. d4
O-O 9. Bg5 Be6 10. Re1 Qb6 11. Na4 Qa5 12. Nxc5 Bxc5 13. dxc5 Ne4 14. Be3 Nxc5
15. Nd4 Nxd4 16. Qxd4 Ne4 17. Bxe4 dxe4 18. Qxe4 Bh3 19. Qf3 Bf5 20. c3 Rfe8
21. Bd4 Qb5 22. Rac1 Qd7 23. Bxa7 Be6 24. Bd4 Rxa2 25. Qe2 Raa8 26. Qe5 f6 27.
Qf4 Qf7 28. Ra1 Rxa1 29. Rxa1 Bd5 30. Be3 Ba2 31. Rd1 Bd5 32. Qd4 Rd8 33. c4
Qe7 34. cxd5 Qd6 35. Bf4 Qd7 36. d6 Re8 37. Rc1 h6 38. Rc7 Qh3 39. Qd2 Ra8 40.
Qd5+ Kh8 41. d7 Ra1+ 42. Bc1 Rxc1+ 43. Rxc1 Qg4 44. d8=Q+ Kh7 45. Q8g8+ Kg6 46.
Qdf7+ Kf5 47. Rc5+ Ke4 48. Qc4+ Kf3 49. Qd3# 1-0

[Event "DEM U10 2019"]
[Site "Willingen GER"]
[Date "2019.06.14"]
[Round "10"]
[White "Li, David"]
[Black "Jouani, Zakharia"]
[Result "1-0"]
[Termination "normal"]
[Board "13"]
[WhiteElo "1418"]
[BlackElo "1507"]
[PlyCount "79"]
[WhiteFideId "16287185"]
[BlackFideId "16206746"]
[EventCountry "GER"]
[EventRounds "11"]
[EventType "swiss"]
[EventDate "2019.06.08"]

1. Nf3 Nf6 2. g3 g6 3. Bg2 Bg7 4. O-O O-O 5. c4 d6 6. d4 Nbd7 7. Bf4 Nh5 8. Be3
e5 9. dxe5 dxe5 10. Nc3 Kh8 11. Qb3 f5 12. Rfd1 Qe7 13. Nd5 Qf7 14. Ng5 Qe8 15.
Nxc7 Qe7 16. Nxa8 f4 17. Bxa7 Qxg5 18. Bxb7 fxg3 19. hxg3 Bxb7 20. Qxb7 Ndf6
21. Qg2 e4 22. Be3 Qa5 23. Nb6 Ng4 24. Nd5 Bxb2 25. Rab1 Qxa2 26. Qxe4 Nxe3 27.
Qxe3 Bg7 28. c5 Qa4 29. Rbc1 Re8 30. Qd3 Qg4 31. Rc2 Rd8 32. c6 Nf4 33. Qc4
Nh3+ 34. Kg2 Qxc4 35. Rxc4 Ng5 36. c7 Rc8 37. Ne7 Ra8 38. Rd8+ Rxd8 39. cxd8=Q+
Bf8 40. Qxf8# 1-0

[Event "DEM U10 2019"]
[Site "Willingen GER"]
[Date "2019.06.14"]
[Round "10"]
[White "Kullmann, Theo"]
[Black "Bock, Leonas"]
[Result "1-0"]
[Termination "normal"]
[Board "14"]
[WhiteElo "1465"]
[BlackElo "1363"]
[PlyCount "93"]
[WhiteFideId "16218582"]
[BlackFideId "16287118"]
[EventCountry "GER"]
[EventRounds "11"]
[EventType "swiss"]
[EventDate "2019.06.08"]

1. e4 e5 2. Nf3 Nc6 3. Bc4 Bc5 4. b4 Bxb4 5. c3 Be7 6. d4 d6 7. h3 Nf6 8. Nbd2
h6 9. Bb5 Bd7 10. Bxc6 Bxc6 11. dxe5 dxe5 12. Qc2 Bd6 13. O-O O-O 14. Re1 Qd7
15. Bb2 Rad8 16. c4 Qe6 17. c5 Be7 18. Nxe5 Bb5 19. a4 Ba6 20. Nb3 Nd7 21. Nxd7
Rxd7 22. Nd4 Qg6 23. Nf5 Bf6 24. Re3 Bxb2 25. Qxb2 f6 26. Rg3 Qh5 27. Re1 Rff7
28. Qb3 Kh8 29. Qe6 c6 30. Qe8+ Kh7 31. Rxg7+ Rxg7 32. Qxh5 Rg6 33. Re3 Rd3 34.
Rxd3 Bxd3 35. Qf3 Bc2 36. Ne7 Rg7 37. Qxf6 Bxe4 38. f3 Bxf3 39. Qxf3 Rxe7 40.
Qf5+ Kg7 41. a5 Rf7 42. Qc8 a6 43. g4 Kg6 44. Qg8+ Kf6 45. h4 Rg7 46. Qf8+ Rf7
47. Qxh6+ 1-0

[Event "DEM U10 2019"]
[Site "Willingen GER"]
[Date "2019.06.14"]
[Round "10"]
[White "Brügmann, Nick"]
[Black "Kullmann, Max"]
[Result "1/2-1/2"]
[Termination "normal"]
[Board "15"]
[WhiteElo "1415"]
[BlackElo "1455"]
[PlyCount "84"]
[WhiteFideId "16287126"]
[BlackFideId "16218574"]
[EventCountry "GER"]
[EventRounds "11"]
[EventType "swiss"]
[EventDate "2019.06.08"]

1. e4 d5 2. exd5 Qxd5 3. Nc3 Qa5 4. d4 c6 5. Nf3 Nf6 6. Bc4 Bg4 7. h3 Bh5 8. g4
Bg6 9. Ne5 e6 10. h4 Be4 11. Rg1 Bd5 12. Bxd5 cxd5 13. Bd2 Qc7 14. Qf3 Bd6 15.
Nd3 Qc6 16. O-O-O Nbd7 17. g5 Ne4 18. Rde1 Nxd2 19. Kxd2 Nb6 20. h5 Be7 21. Ne5
Qc7 22. Qxf7+ Kd8 23. Qxe6 Rf8 24. Nf7+ Ke8 25. Nd6+ Qxd6 26. Qxd6 Nc4+ 27. Kc1
Nxd6 28. Nxd5 Nf5 29. Nc7+ Kd7 30. Nxa8 Rxa8 31. c3 Nh4 32. Re3 Rf8 33. Re4 Nf3
34. Rg3 Bxg5+ 35. Kc2 Bh6 36. Rg2 Rf5 37. Rg3 Ng5 38. Re2 Rf6 39. Kb3 Rb6+ 40.
Kc2 Rf6 41. Kb3 Rd6 42. Re5 Ne6 1/2-1/2

[Event "DEM U10 2019"]
[Site "Willingen GER"]
[Date "2019.06.14"]
[Round "10"]
[White "Chugunov, Ivan"]
[Black "Kuhlmann, Nils Magnus"]
[Result "1-0"]
[Termination "normal"]
[Board "16"]
[WhiteElo "1310"]
[BlackElo "1227"]
[PlyCount "79"]
[WhiteFideId "16256808"]
[BlackFideId "16287177"]
[EventCountry "GER"]
[EventRounds "11"]
[EventType "swiss"]
[EventDate "2019.06.08"]

1. e4 e5 2. Nf3 Nc6 3. Bc4 Nf6 4. Nc3 Bc5 5. d3 h6 6. Be3 Bb6 7. Qd2 d6 8.
O-O-O Be6 9. Bb3 Nd4 10. Bxe6 Nxe6 11. d4 exd4 12. Nxd4 Qd7 13. f3 O-O-O 14.
Nf5 Bxe3 15. Nxe3 h5 16. Rhe1 Nc5 17. Ned5 Nxd5 18. Nxd5 c6 19. Nc3 Rhe8 20.
Qg5 g6 21. Rd2 Re5 22. Qg3 Qe7 23. Red1 Rg5 24. Qf2 b5 25. g3 Re5 26. a3 a5 27.
Ne2 Qf6 28. Nd4 Kc7 29. Qf1 Na4 30. c4 bxc4 31. Kb1 Nb6 32. Rc2 g5 33. b3 cxb3
34. Rxc6+ Kb7 35. Rdc1 Rc8 36. Rxb6+ Kxb6 37. Rxc8 Kb7 38. Rc6 Qe7 39. Qa6+ Kb8
40. Rc8# 1-0

[Event "DEM U10 2019"]
[Site "Willingen GER"]
[Date "2019.06.14"]
[Round "10"]
[White "Guo, Jacob Tingshen"]
[Black "Möller, Tom"]
[Result "1-0"]
[Termination "normal"]
[Board "17"]
[WhiteElo "1420"]
[BlackElo "1229"]
[PlyCount "93"]
[WhiteFideId "16245245"]
[BlackFideId "16287215"]
[EventCountry "GER"]
[EventRounds "11"]
[EventType "swiss"]
[EventDate "2019.06.08"]

1. d4 Nf6 2. c4 e6 3. Nc3 d5 4. Nf3 c5 5. Bg5 dxc4 6. e3 Nc6 7. dxc5 Bxc5 8.
Qxd8+ Kxd8 9. Bxc4 h6 10. Bh4 Bd7 11. O-O-O Rc8 12. Bb5 a6 13. Bxc6 Rxc6 14.
Ne5 Ke8 15. Bxf6 Rd6 16. Bxg7 Rg8 17. Bxh6 Rxg2 18. Nxd7 Rxd7 19. Rxd7 Kxd7 20.
Kd1 Rxf2 21. Kc1 f5 22. Bf4 Bd6 23. Rd1 Rxf4 24. exf4 Kc6 25. Rf1 Kc5 26. h4
Kd4 27. h5 Ke3 28. h6 Bxf4 29. Rxf4 Kxf4 30. h7 e5 31. h8=Q e4 32. Qh1 e3 33.
Qf1+ Ke5 34. Ne2 Ke4 35. Ng3+ Kd4 36. Nxf5+ Ke4 37. Nxe3 Kxe3 38. Qc4 b5 39.
Qe6+ Kd4 40. Qxa6 Ke3 41. Qxb5 Kf2 42. Qd3 Kg1 43. Qe2 Kh1 44. Kd2 Kg1 45. Ke3
Kh1 46. Kf3 Kg1 47. Qg2# 1-0

[Event "DEM U10 2019"]
[Site "Willingen GER"]
[Date "2019.06.14"]
[Round "10"]
[White "Fruth, David"]
[Black "Shkundin, Maximilian"]
[Result "1/2-1/2"]
[Termination "normal"]
[Board "18"]
[WhiteElo "1423"]
[BlackElo "1224"]
[PlyCount "88"]
[WhiteFideId "16257596"]
[BlackFideId "16287258"]
[EventCountry "GER"]
[EventRounds "11"]
[EventType "swiss"]
[EventDate "2019.06.08"]

1. e4 c5 2. Nf3 d6 3. Nc3 Nc6 4. Bb5 Bd7 5. Bxc6 Bxc6 6. d4 cxd4 7. Qxd4 Nf6 8.
O-O e6 9. Bg5 Be7 10. Rad1 e5 11. Qd3 Qc7 12. Bxf6 gxf6 13. Nh4 O-O-O 14. Nd5
Bxd5 15. Qxd5 Rhf8 16. Nf5 Kb8 17. c3 Rd7 18. Nxe7 Rxe7 19. Qxd6 Qxd6 20. Rxd6
Re6 21. Rfd1 Kc8 22. c4 Kc7 23. Rd7+ Kc6 24. b3 a6 25. f3 Kb6 26. R7d6+ Kc7 27.
Rd7+ Kc6 28. Kf2 b5 29. cxb5+ axb5 30. g4 Kc5 31. R1d5+ Kc6 32. h4 h6 33. h5
Kb6 34. R5d6+ Ka5 35. Rxe6 fxe6 36. Ra7+ Kb4 37. Kg3 f5 38. g5 hxg5 39. h6 Rh8
40. h7 Kc5 41. Re7 Kd6 42. Ra7 Kc5 43. a3 fxe4 44. fxe4 Kd4 1/2-1/2

[Event "DEM U10 2019"]
[Site "Willingen GER"]
[Date "2019.06.14"]
[Round "10"]
[White "Goldmann, David"]
[Black "Yang, Marco"]
[Result "1-0"]
[Termination "normal"]
[Board "19"]
[WhiteElo "1477"]
[BlackElo "1278"]
[PlyCount "39"]
[WhiteFideId "16268920"]
[BlackFideId "16254260"]
[EventCountry "GER"]
[EventRounds "11"]
[EventType "swiss"]
[EventDate "2019.06.08"]

1. e4 c5 2. Nf3 d6 3. d4 cxd4 4. Nxd4 Nf6 5. Nc3 g6 6. Be3 Bg7 7. f3 O-O 8. Qd2
Nc6 9. O-O-O Nxd4 10. Bxd4 Be6 11. Kb1 a6 12. g4 b5 13. h4 Rc8 14. h5 Kh8 15.
h6 b4 16. hxg7+ Kxg7 17. Qh6+ Kg8 18. Bxf6 Bxa2+ 19. Nxa2 exf6 20. Qxh7# 1-0

[Event "DEM U10 2019"]
[Site "Willingen GER"]
[Date "2019.06.14"]
[Round "10"]
[White "Theviot, Luca"]
[Black "Meng, Yuxuan"]
[Result "0-1"]
[Termination "normal"]
[Board "20"]
[WhiteElo "1276"]
[BlackElo "1288"]
[PlyCount "92"]
[WhiteFideId "16277449"]
[BlackFideId "16258231"]
[EventCountry "GER"]
[EventRounds "11"]
[EventType "swiss"]
[EventDate "2019.06.08"]

1. e4 c5 2. c3 Nf6 3. e5 Nd5 4. d4 cxd4 5. cxd4 Nc6 6. Nc3 e6 7. Nxd5 exd5 8.
Nf3 d6 9. exd6 Bxd6 10. Be3 Bf5 11. Bd3 Bb4+ 12. Ke2 Bg4 13. a3 Ba5 14. b4 Bb6
15. Bb5 O-O 16. Bxc6 bxc6 17. h3 Bxf3+ 18. gxf3 f5 19. f4 Re8 20. Kf1 Qf6 21.
Qd2 Re4 22. f3 Bxd4 23. fxe4 Bxa1 24. exd5 Rd8 25. Kf2 Rxd5 26. Qe2 Qb2 27.
Qxb2 Bxb2 28. Bxa7 Bxa3 29. Bc5 Rd2+ 30. Ke3 Rb2 31. Rd1 Bxb4 32. Bxb4 Rxb4 33.
Rd6 Rb3+ 34. Kd4 Rxh3 35. Rxc6 g6 36. Ke5 Kg7 37. Rc7+ Kh6 38. Kf6 Rb3 39. Rc6
Rb7 40. Re6 Kh5 41. Rc6 Kg4 42. Rc4 Rb6+ 43. Ke5 h5 44. Rc1 h4 45. Rg1+ Kf3 46.
Rh1 Kg3 0-1

[Event "DEM U10 2019"]
[Site "Willingen GER"]
[Date "2019.06.14"]
[Round "10"]
[White "Gärtner, Alessandro"]
[Black "Buchinger, Alexis"]
[Result "1/2-1/2"]
[Termination "normal"]
[Board "21"]
[WhiteElo "1233"]
[BlackElo "1291"]
[PlyCount "93"]
[WhiteFideId "16268024"]
[BlackFideId "16287134"]
[EventCountry "GER"]
[EventRounds "11"]
[EventType "swiss"]
[EventDate "2019.06.08"]

1. d4 g6 2. e4 Bg7 3. Bf4 Nf6 4. Nc3 O-O 5. Nf3 d6 6. Bc4 Nxe4 7. Nxe4 d5 8.
Bd3 dxe4 9. Bxe4 Nc6 10. c3 Qd7 11. Bc2 Qe6+ 12. Qe2 Qxe2+ 13. Kxe2 Bg4 14. h3
Bxf3+ 15. Kxf3 Rac8 16. Rad1 Rfd8 17. Be3 e5 18. dxe5 Nxe5+ 19. Ke2 Nc4 20. Rb1
Re8 21. Rhd1 Re7 22. Bb3 Nxe3 23. fxe3 Rce8 24. Rd3 Bh6 25. Ba4 Rxe3+ 26. Rxe3
Rxe3+ 27. Kf1 c6 28. Bc2 Kg7 29. Re1 Rxe1+ 30. Kxe1 Kf6 31. Ke2 Ke5 32. Bd3 Kf4
33. Bc4 Kg3 34. Kf1 Bc1 35. b3 f6 36. Bg8 h6 37. Bh7 g5 38. a4 Kf4 39. Ke2 Bb2
40. c4 Be5 41. Bd3 c5 42. Bc2 a5 43. Bd3 f5 44. Bc2 Kg3 45. Kf1 f4 46. Be4 b6
47. Bf3 1/2-1/2

[Event "DEM U10 2019"]
[Site "Willingen GER"]
[Date "2019.06.14"]
[Round "10"]
[White "Herrmann, Arthur"]
[Black "Scheerer, Julian"]
[Result "1/2-1/2"]
[Termination "normal"]
[Board "22"]
[WhiteElo "1233"]
[BlackElo "1395"]
[PlyCount "107"]
[WhiteFideId "16287150"]
[BlackFideId "16265769"]
[EventCountry "GER"]
[EventRounds "11"]
[EventType "swiss"]
[EventDate "2019.06.08"]

1. e4 e5 2. Nf3 Nc6 3. Bb5 a6 4. Ba4 Nf6 5. O-O Be7 6. Re1 b5 7. Bb3 d6 8. h3
O-O 9. c3 Na5 10. Bc2 c5 11. d4 Qc7 12. Nbd2 Bd7 13. Nf1 h6 14. Ng3 Rac8 15.
dxc5 dxc5 16. Be3 Rfd8 17. Qe2 Nh7 18. b3 Be6 19. Red1 c4 20. b4 Nc6 21. Rxd8+
Rxd8 22. Rd1 a5 23. Rxd8+ Qxd8 24. a3 axb4 25. axb4 Qa8 26. Qd1 Qa3 27. Bd2 Nf8
28. Qc1 Qa6 29. Nh5 Kh7 30. Nh2 Qc8 31. f4 f6 32. f5 Bf7 33. Qd1 Qd7 34. Ng3
Qa7+ 35. Kh1 Nd7 36. Qg1 Qxg1+ 37. Kxg1 Kg8 38. Nf3 Bd8 39. Be3 Bb6 40. Kf2 Kf8
41. Bxb6 Nxb6 42. Ke3 Ke8 43. Kd2 Kd7 44. Ke3 Kc7 45. Kd2 Be8 46. Ke3 Na4 47.
Kd2 Kb6 48. Nh4 Ne7 49. Nf3 g5 50. Bd1 Nc8 51. h4 Nd6 52. hxg5 hxg5 53. Bc2 Bc6
54. Bb1 1/2-1/2

[Event "DEM U10 2019"]
[Site "Willingen GER"]
[Date "2019.06.14"]
[Round "10"]
[White "Schlange, Jonathan"]
[Black "Birkenheier, Nicolas"]
[Result "0-1"]
[Termination "normal"]
[Board "23"]
[WhiteElo "1488"]
[BlackElo "1160"]
[PlyCount "170"]
[WhiteFideId "16287240"]
[BlackFideId "16287100"]
[EventCountry "GER"]
[EventRounds "11"]
[EventType "swiss"]
[EventDate "2019.06.08"]

1. e4 e5 2. Nf3 Nc6 3. Bc4 Bc5 4. c3 Nf6 5. d4 exd4 6. cxd4 Bb4+ 7. Nc3 Nxe4 8.
O-O Bxc3 9. d5 Ne5 10. bxc3 Nxc4 11. Qd4 O-O 12. Qxe4 Nd6 13. Qf4 Ne8 14. Bb2
Qf6 15. Qd2 d6 16. c4 Qg6 17. Kh1 Bg4 18. Nd4 Nf6 19. f3 Bd7 20. Qb4 b6 21.
Rfe1 Rfe8 22. Qa3 a5 23. Qc3 Rad8 24. Rad1 Nh5 25. Ne2 Qf6 26. Qb3 Qg6 27. Ba1
Rb8 28. a4 Rbc8 29. Rb1 Bf5 30. Rb2 Bd7 31. Rd2 Nf6 32. Rdd1 Re7 33. Qb2 Rce8
34. Qd2 Bxa4 35. Bc3 Bxd1 36. Qxd1 Ra8 37. Qd2 a4 38. Ra1 a3 39. Nd4 a2 40. Qd1
Ree8 41. Nb5 Rec8 42. Bb2 Kf8 43. Nc3 Nd7 44. Qe1 Nc5 45. Qd1 Qd3 46. Qg1 Qc2
47. Rxa2 Rxa2 48. Nxa2 Qxb2 49. Nc1 Ra8 50. h3 Ra1 51. Kh2 Qxc1 52. Qd4 Qg1+
53. Qxg1 Rxg1 54. Kxg1 Na4 55. Kf2 Nb2 56. c5 bxc5 57. Ke2 Ke7 58. Kd2 Kf6 59.
f4 Kf5 60. Kc2 Kxf4 61. Kxb2 Kg3 62. Kc3 Kxg2 63. Kc4 Kxh3 64. Kb5 g5 65. Kc6
c4 66. Kxc7 c3 67. Kxd6 c2 68. Ke7 c1=Q 69. d6 Qe3+ 70. Kxf7 Qf4+ 71. Ke6 Qe4+
72. Kf6 g4 73. d7 Qd5 74. Ke7 Qxd7+ 75. Kxd7 g3 76. Ke7 g2 77. Kf7 g1=Q 78. Kf6
Qc5 79. Kg7 Qd6 80. Kxh7 Qf6 81. Kg8 Qe7 82. Kh8 Kg4 83. Kg8 Kh5 84. Kh8 Kg6
85. Kg8 Qe8# 0-1

[Event "DEM U10 2019"]
[Site "Willingen GER"]
[Date "2019.06.14"]
[Round "10"]
[White "Middendorf, Sven-Jonas"]
[Black "Lumma, Justus"]
[Result "0-1"]
[Termination "normal"]
[Board "24"]
[WhiteElo "1452"]
[BlackElo "1077"]
[PlyCount "122"]
[WhiteFideId "16287207"]
[BlackFideId "16287193"]
[EventCountry "GER"]
[EventRounds "11"]
[EventType "swiss"]
[EventDate "2019.06.08"]

1. e4 e5 2. Nf3 Nc6 3. Bb5 Bc5 4. O-O d6 5. h3 Nf6 6. Re1 O-O 7. c3 Be6 8. d4
exd4 9. cxd4 Bb4 10. Bd2 Bxd2 11. Nbxd2 Bd7 12. Rc1 Nb4 13. Bc4 b5 14. a3 Na6
15. Bd3 Re8 16. e5 Nd5 17. Be4 c6 18. Bxd5 cxd5 19. exd6 Qb6 20. Rxe8+ Rxe8 21.
Ne5 Qxd6 22. Nxd7 Qxd7 23. Qc2 h6 24. Qc6 Qe6 25. Qxe6 Rxe6 26. Kf1 b4 27. Re1
Rxe1+ 28. Kxe1 Kf8 29. Ke2 bxa3 30. bxa3 Ke7 31. Ke3 Ke6 32. Kf4 Kf6 33. h4 h5
34. Nf1 Nc7 35. Ne3 Ne6+ 36. Kf3 Nxd4+ 37. Kg3 Nf5+ 38. Nxf5 Kxf5 39. Kf3 Ke5
40. Ke3 d4+ 41. Kd3 f6 42. g3 g5 43. a4 a5 44. f3 gxh4 45. gxh4 f5 46. Kc4 Kf4
47. Kxd4 Kxf3 48. Kd3 Kg3 49. Ke3 f4+ 50. Ke2 Kg2 51. Kd3 f3 52. Ke3 f2 53. Kf4
f1=Q+ 54. Kg5 Qf3 55. Kh6 Qg4 56. Kh7 Qxh4 57. Kh6 Qg4 58. Kh7 h4 59. Kh6 h3
60. Kh7 h2 61. Kh8 h1=R# 0-1

[Event "DEM U10 2019"]
[Site "Willingen GER"]
[Date "2019.06.14"]
[Round "10"]
[White "Brandt, Mattis"]
[Black "Yue, Qihang"]
[Result "0-1"]
[Termination "normal"]
[Board "25"]
[WhiteElo "1359"]
[BlackElo "1354"]
[PlyCount "44"]
[WhiteFideId "16267397"]
[BlackFideId "16278968"]
[EventCountry "GER"]
[EventRounds "11"]
[EventType "swiss"]
[EventDate "2019.06.08"]

1. e4 e5 2. Nf3 Nc6 3. Bc4 Bc5 4. c3 Nf6 5. d4 exd4 6. e5 Ng4 7. cxd4 Bb4+ 8.
Bd2 Bxd2+ 9. Nbxd2 O-O 10. h3 Nh6 11. O-O d5 12. Bb5 Ne7 13. Nb3 c6 14. Bd3 Ng6
15. Nfd2 Qg5 16. Nf3 Qe7 17. Nfd2 Nf4 18. Qc2 Qg5 19. g3 Nxh3+ 20. Kh2 Ng4+ 21.
Kh1 Nhxf2+ 22. Rxf2 Nxf2+ 0-1

[Event "DEM U10 2019"]
[Site "Willingen GER"]
[Date "2019.06.14"]
[Round "10"]
[White "Jumah, Shayan"]
[Black "Detjen, Mattes"]
[Result "1-0"]
[Termination "normal"]
[Board "26"]
[WhiteElo "1295"]
[BlackElo "1296"]
[PlyCount "85"]
[WhiteFideId "16281888"]
[BlackFideId "16235690"]
[EventCountry "GER"]
[EventRounds "11"]
[EventType "swiss"]
[EventDate "2019.06.08"]

1. e4 e5 2. Nf3 Nc6 3. Bb5 a6 4. Ba4 Nf6 5. d3 b5 6. Bb3 Be7 7. O-O O-O 8. Be3
d6 9. Nc3 Na5 10. Bd5 Nxd5 11. Nxd5 c5 12. Nxe7+ Qxe7 13. Bg5 f6 14. Bh4 Bg4
15. h3 Bh5 16. Qe2 Qe6 17. Qe3 f5 18. Ng5 Qe8 19. exf5 Rxf5 20. g4 Bxg4 21.
hxg4 Rf4 22. Qg3 Qd7 23. f3 c4 24. Qh3 cxd3 25. cxd3 Rd4 26. Be1 h6 27. Ne4 Nb7
28. f4 Rxd3 29. Qxd3 Qxg4+ 30. Qg3 Qe2 31. Qf3 Qxb2 32. Bc3 Qa3 33. fxe5 d5 34.
Qf7+ Kh7 35. Nf6+ Kh8 36. Nh5 Rg8 37. Qc7 Qa4 38. Rf4 Qc2 39. Ng3 b4 40. Rxb4
Qg6 41. Kg2 Qc2+ 42. Kh3 Nd8 43. Rb8 1-0

[Event "DEM U10 2019"]
[Site "Willingen GER"]
[Date "2019.06.14"]
[Round "10"]
[White "Barthel, Jacob"]
[Black "Rau, Eduard"]
[Result "1/2-1/2"]
[Termination "normal"]
[Board "28"]
[WhiteElo "1150"]
[BlackElo "1221"]
[PlyCount "82"]
[WhiteFideId "16273346"]
[BlackFideId "16287231"]
[EventCountry "GER"]
[EventRounds "11"]
[EventType "swiss"]
[EventDate "2019.06.08"]

1. d4 Nf6 2. Nf3 e6 3. Bf4 d5 4. e3 c6 5. Nbd2 Nbd7 6. Bd3 b6 7. c3 c5 8. O-O
c4 9. Bc2 b5 10. b3 Ba3 11. Rb1 O-O 12. b4 Nb6 13. Qe2 Nh5 14. Bd1 Nxf4 15.
exf4 Qf6 16. Ne1 Bxb4 17. cxb4 Qxf4 18. Bc2 Qxd4 19. Qh5 h6 20. Nef3 Qf6 21.
Qe5 Qxe5 22. Nxe5 f6 23. Nc6 Bd7 24. Nd4 e5 25. Ne2 d4 26. Be4 Rac8 27. Rbc1 f5
28. Bb1 d3 29. Nc3 e4 30. Rfe1 Rfe8 31. Re3 g5 32. f3 Bc6 33. fxe4 fxe4 34.
Ncxe4 Nd5 35. Ree1 c3 36. Bxd3 cxd2 37. Nxd2 Rxe1+ 38. Rxe1 Nxb4 39. Bb1 Rd8
40. Nb3 Kf7 41. Nc5 Rd2 1/2-1/2